[Event "Nova Scotia closed"]
[Site "Cole Harbour CAN"]
[Date "2006.06.09"]
[Round "1"]
[White "Ng, Gary"]
[Black "Mayo, Alvah"]
[Result "1-0"]
[WhiteElo "2140"]
[BlackElo "2025"]
[PlyCount "103"]
[EventDate "2006.06.11"]
[EventType "tourn"]
[EventRounds "5"]
[EventCountry "CAN"]

1. b4 e5 2. Bb2 f6 3. e4 Bxb4 4. Bc4 Ne7 5. a3 Bd6 6. Qh5+ Ng6 7. Nf3 Kf8 8.
Nh4 Qe8 9. Nf5 Be7 10. Nc3 c6 11. g3 b5 12. Bb3 Na6 13. O-O-O Nc7 14. d4 d6 15.
dxe5 Nxe5 16. Qe2 Bxf5 17. exf5 d5 18. Rhe1 Bc5 19. f4 Nf7 20. Qh5 Qc8 21. Ne4
Be7 22. g4 Nd6 23. Ng3 Nc4 24. Bc3 Bxa3+ 25. Kb1 Ne8 26. g5 Be7 27. Re6 Rb8 28.
Rde1 Rb7 29. gxf6 gxf6 30. Qh6+ Kf7 31. Qh5+ Kf8 32. Qe2 Qd8 33. Nh5 Ncd6 34.
Bb4 a5 35. Bxa5 Qxa5 36. Rxe7 Qxe1+ 37. Qxe1 Rxe7 38. Qc3 Nxf5 39. Nxf6 Ned6
40. Nxd5 Rg7 41. Qxc6 Rg1+ 42. Kb2 Rhg8 43. Ne3 R8g6 44. Qa8+ Kg7 45. Qg8+ Kh6
46. Qf8+ Ng7 47. f5 Ndxf5 48. Nxf5+ Kh5 49. Ng3+ R6xg3 50. hxg3 Rxg3 51. Bf7+
Kh6 52. Qd6+ 1-0

[Event "Nova Scotia closed"]
[Site "Cole Harbour CAN"]
[Date "2006.06.10"]
[Round "2"]
[White "Mayo, Alvah"]
[Black "Charlton, Glenn"]
[Result "1-0"]
[WhiteElo "2025"]
[BlackElo "2056"]
[PlyCount "65"]
[EventDate "2006.06.11"]
[EventType "tourn"]
[EventRounds "5"]
[EventCountry "CAN"]

1. Nf3 Nf6 2. c4 g6 3. b3 Bg7 4. Bb2 O-O 5. g3 d6 6. Bg2 e5 7. Nc3 Re8 8. d3 c6
9. O-O d5 10. e4 d4 11. Ne2 c5 12. Ne1 Nc6 13. Bc1 Ng4 14. h3 Nh6 15. f4 f6 16.
Bd2 Be6 17. a3 Nf7 18. b4 b6 19. b5 Ne7 20. g4 f5 21. exf5 gxf5 22. Bxa8 Qxa8
23. Ng3 e4 24. gxf5 Nxf5 25. Nxe4 Bxc4 26. Qg4 Rxe4 27. Qxf5 Re2 28. dxc4 d3
29. Qg4 Rxd2 30. Nf3 Rc2 31. Rae1 Rxc4 32. Re7 Re4 33. Ne5 1-0

[Event "Nova Scotia closed"]
[Site "Cole Harbour CAN"]
[Date "2006.06.10"]
[Round "2"]
[White "Ng, Gary"]
[Black "Kenney, Jason"]
[Result "1/2-1/2"]
[WhiteElo "2140"]
[BlackElo "2169"]
[PlyCount "81"]
[EventDate "2006.06.11"]
[EventType "tourn"]
[EventRounds "5"]
[EventCountry "CAN"]

1. b4 d5 2. Bb2 Bg4 3. h3 Bh5 4. c4 e6 5. Qb3 Nf6 6. e3 c6 7. d4 Bd6 8. Nd2
Nbd7 9. Ngf3 O-O 10. Bd3 Qe7 11. b5 e5 12. dxe5 Nxe5 13. Nxe5 Bxe5 14. cxd5
cxd5 15. O-O Ne4 16. Bxe4 dxe4 17. Ba3 Qd7 18. Nxe4 Be2 19. Bxf8 Rxf8 20. Rfe1
Bxa1 21. Rxe2 Rc8 22. Re1 Be5 23. Rd1 Qe7 24. Qd5 g6 25. a4 Rc2 26. a5 Bc7 27.
Qd4 Qe5 28. Nf6+ Kh8 29. Qxe5 Bxe5 30. Nd7 Bc3 31. a6 bxa6 32. bxa6 Ra2 33. Rc1
Bb4 34. Rb1 Bd6 35. e4 Rxa6 36. e5 Be7 37. Rb7 Kg8 38. Nf6+ Bxf6 39. exf6 Rxf6
40. Rxa7 h5 41. f3 1/2-1/2

[Event "Nova Scotia closed"]
[Site "Cole Harbour CAN"]
[Date "2006.06.10"]
[Round "2"]
[White "Wysocki, Antoni"]
[Black "Gonzalez Cueto, Jose"]
[Result "1/2-1/2"]
[WhiteElo "2090"]
[BlackElo "1991"]
[PlyCount "96"]
[EventDate "2006.06.11"]
[EventType "tourn"]
[EventRounds "5"]
[EventCountry "CAN"]

1. d4 Nf6 2. c4 e6 3. Nf3 Bb4+ 4. Nbd2 O-O 5. e3 b6 6. Bd3 Bb7 7. O-O d5 8. b3
Ne4 9. Qc2 f5 10. Bb2 Nd7 11. a3 Be7 12. b4 c5 13. bxc5 bxc5 14. Rab1 Qc7 15.
Rfc1 Rac8 16. Nb3 Ba8 17. cxd5 Bxd5 18. Nxc5 Ndxc5 19. dxc5 Nxc5 20. Qe2 Qd8
21. Bc4 Ne4 22. Nd4 Bxc4 23. Rxc4 Qd5 24. Rbc1 Rxc4 25. Qxc4 Qxc4 26. Rxc4 Rb8
27. Bc1 Rb1 28. f3 Bxa3 29. fxe4 Rxc1+ 30. Rxc1 Bxc1 31. Kf2 e5 32. Nb3 Bb2 33.
exf5 Kf7 34. Kf3 Ke7 35. Ke4 Kd6 36. g4 Bc3 37. Kd3 Be1 38. Kc4 Kc6 39. e4 a5
40. Nc5 Bh4 41. Ne6 g6 42. fxg6 hxg6 43. Nf8 g5 44. Ng6 Kd6 45. Kb5 Be1 46. Nf8
Bd2 47. Ng6 Be1 48. Nf8 Bd2 1/2-1/2

[Event "Nova Scotia closed"]
[Site "Cole Harbour CAN"]
[Date "2006.06.10"]
[Round "3"]
[White "Charlton, Glenn"]
[Black "Wysocki, Antoni"]
[Result "1/2-1/2"]
[WhiteElo "2056"]
[BlackElo "2090"]
[PlyCount "81"]
[EventDate "2006.06.11"]
[EventType "tourn"]
[EventRounds "5"]
[EventCountry "CAN"]

1. e4 d5 2. exd5 Nf6 3. Nf3 Nxd5 4. d4 g6 5. Be2 Bg7 6. O-O O-O 7. c4 Nb6 8.
Nc3 Nc6 9. Be3 Bg4 10. d5 Bxf3 11. Bxf3 Ne5 12. Bxb6 Nxf3+ 13. Qxf3 axb6 14.
Rfe1 Qd6 15. a3 Qc5 16. Ne4 Qd4 17. Rab1 Rfe8 18. Ng5 Bf6 19. Ne4 Qxc4 20. Rbc1
Qd4 21. Rxc7 Be5 22. Ng5 Bf4 23. h4 Qd2 24. Rd1 Qxd1+ 25. Qxd1 Bxc7 26. Qf3 Rf8
27. h5 h6 28. hxg6 hxg5 29. Qh5 Kg7 30. Qh7+ Kf6 31. gxf7 Rh8 32. Qe4 Be5 33.
g3 Raf8 34. f4 gxf4 35. gxf4 Bd6 36. Qe6+ Kg7 37. Qg4+ Kxf7 38. Qe6+ Kg7 39.
Qg4+ Kf7 40. Qe6+ Kg7 41. Qg4+ 1/2-1/2

[Event "Nova Scotia closed"]
[Site "Cole Harbour CAN"]
[Date "2006.06.10"]
[Round "3"]
[White "Gonzalez Cueto, Jose"]
[Black "Ng, Gary"]
[Result "0-1"]
[WhiteElo "1991"]
[BlackElo "2140"]
[PlyCount "52"]
[EventDate "2006.06.11"]
[EventType "tourn"]
[EventRounds "5"]
[EventCountry "CAN"]

1. d4 d5 2. Nf3 Nf6 3. e3 c6 4. Bd3 Bg4 5. c4 a6 6. Nc3 b5 7. cxd5 cxd5 8. a3
Nbd7 9. Qb3 e6 10. e4 dxe4 11. Nxe4 Bxf3 12. gxf3 Nd5 13. Bg5 Qb6 14. Be3 Rc8
15. f4 g6 16. Ng5 Bg7 17. Rd1 N7f6 18. Rg1 O-O 19. Ne4 Nh5 20. Nc5 Rfd8 21. Rg4
Bh6 22. Bb1 Nhxf4 23. Nd3 Nxe3 24. fxe3 Nd5 25. Nf4 Nxf4 26. exf4 Rxd4 0-1

[Event "Nova Scotia closed"]
[Site "Cole Harbour CAN"]
[Date "2006.06.10"]
[Round "3"]
[White "Kenney, Jason"]
[Black "Mayo, Alvah"]
[Result "1-0"]
[WhiteElo "2169"]
[BlackElo "2025"]
[PlyCount "107"]
[EventDate "2006.06.11"]
[EventType "tourn"]
[EventRounds "5"]
[EventCountry "CAN"]

1. d4 Nf6 2. c4 g6 3. Nc3 Bg7 4. e4 d6 5. Nf3 O-O 6. Be2 e5 7. O-O Nc6 8. d5
Ne7 9. b4 Nd7 10. a4 a5 11. Ba3 f5 12. Ng5 Nf6 13. Bf3 h6 14. Ne6 Bxe6 15. dxe6
axb4 16. Bxb4 fxe4 17. Nxe4 Qc8 18. c5 Nxe4 19. Bxe4 d5 20. c6 dxe4 21. Bxe7
Re8 22. cxb7 Qxb7 23. Qd7 Qc8 24. Rfd1 Bf8 25. Bxf8 Qxd7 26. exd7 Rxf8 27. Rac1
Kf7 28. Rxc7 Rfd8 29. Rc4 Ke6 30. Rxe4 Rxd7 31. Rxd7 Kxd7 32. f3 Ke6 33. Kf2 g5
34. h4 Kf5 35. hxg5 hxg5 36. Ke3 Rb8 37. Kd3 Rb3+ 38. Kc4 Rb2 39. g4+ Ke6 40.
Re3 Rd2 41. Rd3 Rc2+ 42. Kb5 Re2 43. Kc4 e4 44. fxe4 Ke5 45. Rd4 Rg2 46. Rd5+
Kf4 47. Rd4 Ke5 48. Rd5+ Kf4 49. e5 Kxg4 50. Kc5 Ra2 51. e6 Kf4 52. e7 Re2 53.
Kd6 g4 54. Kd7 1-0

[Event "Nova Scotia closed"]
[Site "Cole Harbour CAN"]
[Date "2006.06.11"]
[Round "4"]
[White "Kenney, Jason"]
[Black "Gonzalez Cueto, Jose"]
[Result "1-0"]
[WhiteElo "2169"]
[BlackElo "1991"]
[PlyCount "117"]
[EventDate "2006.06.11"]
[EventType "tourn"]
[EventRounds "5"]
[EventCountry "CAN"]

1. d4 Nf6 2. c4 e6 3. Nc3 Bb4 4. e3 O-O 5. Bd3 c5 6. Nge2 Nc6 7. O-O Ne8 8.
dxc5 Bxc5 9. Ng3 f5 10. Bxf5 Qh4 11. Qg4 Qe7 12. Bc2 Nf6 13. Qh4 Ne5 14. Bd2 h6
15. Nce4 d5 16. Nxf6+ Qxf6 17. Qxf6 gxf6 18. cxd5 exd5 19. Bc3 Kf7 20. Rad1 Be6
21. Nh5 Rad8 22. Nf4 Rg8 23. Bb3 Nc4 24. Nxd5 Rxd5 25. Bxc4 Rxd1 26. Bxe6+ Kxe6
27. Rxd1 b6 28. g3 h5 29. h4 f5 30. Kg2 Rc8 31. Kf3 Bd6 32. Rd2 b5 33. e4 fxe4+
34. Kxe4 b4 35. Bd4 a5 36. f4 Rg8 37. Rd3 Rf8 38. Bg7 Rc8 39. Be5 Bxe5 40. fxe5
Rg8 41. Rd6+ Ke7 42. Ra6 Rxg3 43. Rxa5 Rg2 44. Kf5 Rf2+ 45. Kg5 Rxb2 46. Kxh5
b3 47. axb3 Rxb3 48. Kg6 Rg3+ 49. Kf5 Rf3+ 50. Ke4 Rf1 51. Ra7+ Ke6 52. Ra6+
Ke7 53. h5 Re1+ 54. Kf5 Rf1+ 55. Kg6 Rg1+ 56. Kh7 Rg5 57. h6 Kf7 58. Rf6+ Ke8
59. e6 1-0

[Event "Nova Scotia closed"]
[Site "Cole Harbour CAN"]
[Date "2006.06.11"]
[Round "4"]
[White "Mayo, Alvah"]
[Black "Wysocki, Antoni"]
[Result "1-0"]
[WhiteElo "2025"]
[BlackElo "2090"]
[PlyCount "95"]
[EventDate "2006.06.11"]
[EventType "tourn"]
[EventRounds "5"]
[EventCountry "CAN"]

1. Nf3 d5 2. c4 c6 3. b3 Nf6 4. Bb2 Bg4 5. Ne5 Bh5 6. g3 e6 7. Bg2 Bd6 8. O-O
Nbd7 9. Nxd7 Qxd7 10. d3 O-O 11. Qd2 Qe7 12. Nc3 Rad8 13. cxd5 exd5 14. Qg5 d4
15. Ne4 Nxe4 16. Qxh5 Nf6 17. Qf3 Ba3 18. Bxa3 Qxa3 19. Qf4 Rfe8 20. Bf3 Nd5
21. Qxd4 Ne3 22. Qf4 Nxf1 23. Kxf1 Qb2 24. Qc1 Qd4 25. Rb1 Re5 26. b4 Rf5 27.
Qa3 Rb5 28. e3 Qd6 29. Rb3 Qf6 30. Be4 Qa1+ 31. Kg2 a6 32. d4 g6 33. Rb1 Qxb1
34. Bxb1 a5 35. Bd3 axb4 36. Qa7 Rbd5 37. Qxb7 c5 38. Be4 R5d7 39. Qb5 cxd4 40.
exd4 Rxd4 41. Bc2 R8d7 42. Bb3 Kg7 43. Qe5+ f6 44. Qe8 f5 45. Be6 Rd8 46. Qe7+
Kh6 47. h4 R4d6 48. Bxf5 1-0

[Event "Nova Scotia closed"]
[Site "Cole Harbour CAN"]
[Date "2006.06.11"]
[Round "4"]
[White "Ng, Gary"]
[Black "Charlton, Glenn"]
[Result "1-0"]
[WhiteElo "2140"]
[BlackElo "2056"]
[PlyCount "91"]
[EventDate "2006.06.11"]
[EventType "tourn"]
[EventRounds "5"]
[EventCountry "CAN"]

1. b4 Nf6 2. Bb2 g6 3. c4 Bg7 4. Nf3 O-O 5. d4 d6 6. Qb3 Nbd7 7. e3 Re8 8. Be2
e5 9. Nc3 exd4 10. Nxd4 a5 11. a3 axb4 12. axb4 Rxa1+ 13. Bxa1 Ne5 14. O-O Bd7
15. Bb2 c6 16. Ra1 Qe7 17. Ra7 Neg4 18. Nd1 c5 19. Nf3 Bc8 20. h3 Ne5 21. bxc5
Nc6 22. cxd6 Qxd6 23. Ra8 Ne4 24. Bxg7 Kxg7 25. Nc3 Nxc3 26. Qxc3+ Kg8 27. c5
Qe7 28. Nd4 Nxd4 29. Qxd4 Rd8 30. Qb4 h5 31. Bf3 Kh7 32. Ra1 Rd7 33. Rc1 Rc7
34. Qe4 Be6 35. Qe5 Kg8 36. g4 hxg4 37. hxg4 f6 38. Qd4 Kf7 39. Kg2 Rd7 40. Qf4
g5 41. Qe4 Kg7 42. Rh1 Bg8 43. Qxe7+ Rxe7 44. Rb1 Be6 45. Rxb7 Rxb7 46. Bxb7
1-0

[Event "Nova Scotia closed"]
[Site "Cole Harbour CAN"]
[Date "2006.06.11"]
[Round "5"]
[White "Charlton, Glenn"]
[Black "Kenney, Jason"]
[Result "0-1"]
[WhiteElo "2056"]
[BlackElo "2169"]
[PlyCount "54"]
[EventDate "2006.06.11"]
[EventType "tourn"]
[EventRounds "5"]
[EventCountry "CAN"]

1. e4 c5 2. Nc3 Nc6 3. f4 g6 4. Nf3 Bg7 5. Bb5 Nd4 6. O-O Nxb5 7. Nxb5 d5 8.
exd5 a6 9. Nc3 Nf6 10. d4 Nxd5 11. dxc5 Nxc3 12. Qxd8+ Kxd8 13. bxc3 Bxc3 14.
Rb1 Kc7 15. Rb3 Bg7 16. Bd2 a5 17. Rb5 Be6 18. Bxa5+ Kc8 19. Nd2 Bd7 20. Rfb1
Bxb5 21. Rxb5 Ra7 22. Nc4 Kd7 23. Rb3 Bd4+ 24. Kf1 Bxc5 25. Ne5+ Kc8 26. Bc3 f6
27. Nd3 Bd6 0-1

[Event "Nova Scotia closed"]
[Site "Cole Harbour CAN"]
[Date "2006.06.11"]
[Round "5"]
[White "Gonzalez Cueto, Jose"]
[Black "Mayo, Alvah"]
[Result "0-1"]
[WhiteElo "1991"]
[BlackElo "2025"]
[PlyCount "48"]
[EventDate "2006.06.11"]
[EventType "tourn"]
[EventRounds "5"]
[EventCountry "CAN"]

1. d4 g6 2. e4 Bg7 3. f4 d6 4. Nf3 Bg4 5. c3 Nf6 6. Bd3 O-O 7. h3 Bxf3 8. Qxf3
e5 9. O-O Nbd7 10. b3 exd4 11. cxd4 Nxe4 12. Qxe4 Re8 13. Qd5 Nb6 14. Qf3 Bxd4+
15. Kh1 Bxa1 16. f5 d5 17. Bd2 Bg7 18. Nc3 c6 19. Ne2 Nd7 20. Bb1 Ne5 21. Qf2
Qb6 22. Be3 Ng4 23. hxg4 Qxe3 24. fxg6 fxg6 0-1

[Event "Nova Scotia closed"]
[Site "Cole Harbour CAN"]
[Date "2006.06.11"]
[Round "5"]
[White "Wysocki, Antoni"]
[Black "Ng, Gary"]
[Result "0-1"]
[WhiteElo "2090"]
[BlackElo "2140"]
[PlyCount "46"]
[EventDate "2006.06.11"]
[EventType "tourn"]
[EventRounds "5"]
[EventCountry "CAN"]

1. d4 d5 2. c4 c6 3. Nc3 Nf6 4. e3 a6 5. Qb3 e6 6. f4 dxc4 7. Bxc4 b5 8. Be2 c5
9. Nf3 Nc6 10. dxc5 Bxc5 11. Ng5 Qb6 12. Nce4 Be7 13. a4 Nxe4 14. Nxe4 b4 15.
O-O O-O 16. Kh1 Bb7 17. Ng3 Na5 18. Qd1 Rfd8 19. Qe1 Nb3 20. a5 Qc5 21. Rb1 Bh4
22. Bf3 Bxf3 23. Rxf3 Qc2 0-1

[Event "October TNT"]
[Site "Winnipeg CAN"]
[Date "2006.10.03"]
[Round "1"]
[White "Babb, Jeff"]
[Black "Khedkar, Jay"]
[Result "1/2-1/2"]
[WhiteElo "2131"]
[BlackElo "1814"]
[PlyCount "93"]
[EventDate "2006.10.03"]
[EventType "swiss"]
[EventRounds "4"]
[EventCountry "CAN"]

1. e4 d6 2. Nc3 Nd7 3. d4 e5 4. Nf3 Ngf6 5. Bc4 h6 6. dxe5 dxe5 7. O-O Be7 8.
Qe2 c6 9. a4 Qc7 10. Nh4 Nc5 11. Nf5 O-O 12. f4 Ne6 13. Nxe7+ Qxe7 14. Bxe6
Bxe6 15. f5 Bd7 16. Qc4 Rfd8 17. h3 a5 18. Be3 Qb4 19. b3 Be8 20. Rfd1 b5 21.
axb5 cxb5 22. Qxb4 axb4 23. Rxa8 Rxa8 24. Nd5 Nxe4 25. Nxb4 Ng3 26. f6 Nf5 27.
Nd5 Nxe3 28. Nxe3 gxf6 29. Rd6 h5 30. Rxf6 Kg7 31. Rd6 f6 32. Nd5 Bg6 33. c4
bxc4 34. bxc4 Rc8 35. Nb6 Rc7 36. Rxf6 Kxf6 37. Nd5+ Ke6 38. Nxc7+ Kd6 39. Nd5
Kc5 40. Ne3 Bd3 41. Kf2 Bxc4 42. Nxc4 Kxc4 43. Ke3 Kd5 44. g3 Ke6 45. Ke4 Kf6
46. g4 hxg4 47. hxg4 1/2-1/2

[Event "October TNT"]
[Site "Winnipeg CAN"]
[Date "2006.10.03"]
[Round "1"]
[White "Clark, Jeff"]
[Black "Czypinski, Jaroslaw"]
[Result "1-0"]
[WhiteElo "1756"]
[BlackElo "1898"]
[PlyCount "114"]
[EventDate "2006.10.03"]
[EventType "swiss"]
[EventRounds "4"]
[EventCountry "CAN"]

1. Nf3 Nf6 2. c4 b6 3. d4 Bb7 4. Nc3 e6 5. Bg5 h6 6. Bh4 Be7 7. Qc2 d5 8. Bxf6
Bxf6 9. cxd5 exd5 10. e3 O-O 11. Bd3 Nd7 12. O-O c5 13. Rad1 cxd4 14. exd4 Re8
15. Qd2 Nf8 16. Bb1 Qd7 17. Qd3 Re7 18. Rfe1 Rxe1+ 19. Rxe1 Re8 20. Re3 Rxe3
21. fxe3 Qc8 22. Qc2 Qc4 23. a3 Qc6 24. Ba2 Ng6 25. Bxd5 Qc7 26. Bxb7 Qxb7 27.
Ne4 Be7 28. Kf2 Qd7 29. Ng3 Bh4 30. Nxh4 Nxh4 31. Qe4 Qd8 32. Ne2 Ng6 33. Nc3
Qf6+ 34. Ke2 Qd6 35. g3 Qd7 36. h4 Ne7 37. Kd3 Nc8 38. Qd5 Qg4 39. Ne2 Qg6+ 40.
e4 Nd6 41. h5 Qf6 42. Nf4 b5 43. b3 Kh7 44. Ke2 Qe7 45. Kf3 Qc7 46. Qc5 Qd7 47.
g4 a5 48. e5 Nb7 49. Qc2+ Kg8 50. d5 Nd8 51. Qc3 Qb7 52. Kg3 Qb6 53. Ne2 Qb7
54. Qc5 Qd7 55. Nd4 Kh7 56. Nxb5 Qe8 57. Kf4 g5+ 1-0

[Event "October TNT"]
[Site "Winnipeg CAN"]
[Date "2006.10.03"]
[Round "1"]
[White "Essery, Richard"]
[Black "Pang, Michael"]
[Result "1-0"]
[WhiteElo "1543"]
[BlackElo "1255"]
[PlyCount "45"]
[EventDate "2006.10.03"]
[EventType "swiss"]
[EventRounds "4"]
[EventCountry "CAN"]

1. d4 Nf6 2. Nf3 d5 3. Bf4 c5 4. e3 cxd4 5. exd4 Bg4 6. Bd3 Nc6 7. c3 e6 8.
Nbd2 Bd6 9. Bg3 Bxg3 10. hxg3 e5 11. dxe5 Nxe5 12. Bb5+ Nfd7 13. Qc2 Nxf3+ 14.
Nxf3 Qb6 15. Bxd7+ Kxd7 16. Ne5+ Kc7 17. Nxg4 Qe6+ 18. Ne3 Rag8 19. O-O-O Kb8
20. Nxd5 Rd8 21. Rhe1 Qa6 22. Qe4 Qxa2 23. Qe5+ 1-0

[Event "October TNT"]
[Site "Winnipeg CAN"]
[Date "2006.10.03"]
[Round "1"]
[White "Evans, Brian"]
[Black "Nguyen, Huy"]
[Result "0-1"]
[WhiteElo "1482"]
[BlackElo "1713"]
[PlyCount "38"]
[EventDate "2006.10.03"]
[EventType "swiss"]
[EventRounds "4"]
[EventCountry "CAN"]

1. e4 Nc6 2. d4 d6 3. Bb5 a6 4. Bxc6+ bxc6 5. Nc3 Nf6 6. Bg5 Rb8 7. b3 g6 8.
Bxf6 exf6 9. Nge2 h5 10. h3 Bg7 11. Qd3 Bh6 12. O-O O-O 13. Rfe1 Qd7 14. d5 c5
15. a3 a5 16. Na4 Ra8 17. b4 axb4 18. axb4 Rxa4 19. Rxa4 Qxa4 0-1

[Event "October TNT"]
[Site "Winnipeg CAN"]
[Date "2006.10.03"]
[Round "1"]
[White "Gibbons, Lorne"]
[Black "Green, Aaron"]
[Result "0-1"]
[WhiteElo "1327"]
[BlackElo "1343"]
[PlyCount "50"]
[EventDate "2006.10.03"]
[EventType "swiss"]
[EventRounds "4"]
[EventCountry "CAN"]

1. d4 Nf6 2. c4 g6 3. Nc3 Bg7 4. Bf4 d6 5. Nf3 O-O 6. e4 Nbd7 7. Be2 Ne8 8. Qd2
c6 9. Bh6 Nc7 10. h4 e5 11. Bxg7 Kxg7 12. h5 exd4 13. Nxd4 c5 14. Nc2 Nb6 15.
hxg6 fxg6 16. Qh6+ Kf6 17. Qxh7 Be6 18. Qh4+ g5 19. Qh6+ Kf7 20. Bh5+ Ke7 21.
Qxg5+ Rf6 22. b3 Qh8 23. O-O-O Rg8 24. Qh4 Qh6+ 25. Ne3 Rxg2 0-1

[Event "October TNT"]
[Site "Winnipeg CAN"]
[Date "2006.10.03"]
[Round "1"]
[White "Gibson, Fred"]
[Black "Goodman, Clifford"]
[Result "0-1"]
[WhiteElo "1187"]
[BlackElo "1398"]
[PlyCount "104"]
[EventDate "2006.10.03"]
[EventType "swiss"]
[EventRounds "4"]
[EventCountry "CAN"]

1. e4 c6 2. d4 d5 3. Nd2 dxe4 4. Nxe4 Bf5 5. Ng3 Bg6 6. Nf3 e6 7. Bd2 Nd7 8.
Be2 Ngf6 9. Ne5 Nxe5 10. dxe5 Nd7 11. f4 Bc5 12. Bd3 Bxd3 13. cxd3 Qb6 14. Bc3
Bf2+ 15. Kf1 O-O 16. Qe2 Bd4 17. Ne4 Bc5 18. a3 Rad8 19. b4 Be7 20. g3 c5 21.
Rb1 Qa6 22. Nd6 Bxd6 23. exd6 Qxd6 24. Kg2 Rfe8 25. Rbd1 Qc6+ 26. Qe4 Qxe4+ 27.
dxe4 cxb4 28. Bxb4 Nf6 29. Kf3 Rd7 30. Rxd7 Nxd7 31. Rd1 Nf6 32. h3 h5 33. Rc1
Rd8 34. Ke3 Rd7 35. Rc8+ Kh7 36. Bc3 Kg6 37. Be5 Rd1 38. Rc7 Rb1 39. a4 Rb3+
40. Rc3 Rxc3+ 41. Bxc3 Nd7 42. Bd4 a6 43. a5 f6 44. g4 hxg4 45. hxg4 e5 46. f5+
Kf7 47. Ba7 Ke7 48. Kd3 Kd6 49. Kc4 Kc6 50. Be3 b5+ 51. axb6 Nxb6+ 52. Bxb6
Kxb6 0-1

[Event "October TNT"]
[Site "Winnipeg CAN"]
[Date "2006.10.03"]
[Round "1"]
[White "Green, Jim"]
[Black "Booth, Kevin"]
[Result "1-0"]
[WhiteElo "1674"]
[BlackElo "1596"]
[PlyCount "45"]
[EventDate "2006.10.03"]
[EventType "swiss"]
[EventRounds "4"]
[EventCountry "CAN"]

1. e4 e5 2. Nf3 Nc6 3. Bb5 d6 4. d4 exd4 5. Nxd4 Nge7 6. Bg5 Bd7 7. Nxc6 Bxc6
8. Bxc6+ bxc6 9. Nc3 Qb8 10. Rb1 h6 11. Be3 Ng6 12. f4 Be7 13. O-O Bf6 14. Kh1
Qb4 15. a3 Qa5 16. Bd4 Bxd4 17. Qxd4 O-O 18. Ne2 Qh5 19. Ng3 Qg4 20. Nf5 f6 21.
Rf3 Kh7 22. h3 c5 23. Qf2 1-0

[Event "October TNT"]
[Site "Winnipeg CAN"]
[Date "2006.10.03"]
[Round "1"]
[White "Kwiatek, Jordan"]
[Black "Cleto, Sam"]
[Result "1-0"]
[WhiteElo "1848"]
[BlackElo "1780"]
[PlyCount "71"]
[EventDate "2006.10.03"]
[EventType "swiss"]
[EventRounds "4"]
[EventCountry "CAN"]

1. d4 Nf6 2. Bg5 e6 3. e4 h6 4. Bxf6 Qxf6 5. c3 d6 6. Bd3 Nd7 7. Ne2 e5 8. O-O
Be7 9. f4 Qh4 10. fxe5 dxe5 11. Nd2 Bd6 12. Qb3 O-O 13. Nf3 Qe7 14. Ng3 Nf6 15.
Nh4 Ng4 16. Nhf5 Qg5 17. h3 Bxf5 18. Nxf5 Ne3 19. Rf2 Nxf5 20. exf5 Qe3 21. Bc4
e4 22. Kf1 Bg3 23. Re2 Qf4+ 24. Kg1 e3 25. Qxb7 Qxf5 26. Kh1 Bd6 27. Qa6 Qf4
28. g3 Qxg3 29. Qc6 Qxh3+ 30. Kg1 Bg3 31. Rg2 Bf2+ 32. Kf1 Rab8 33. Qg6 e2+ 34.
Kxf2 e1=Q+ 35. Rxe1 Qh4+ 36. Kf3 1-0

[Event "October TNT"]
[Site "Winnipeg CAN"]
[Date "2006.10.03"]
[Round "1"]
[White "Pottinger, Carl"]
[Black "Anderson, George"]
[Result "1-0"]
[WhiteElo "1711"]
[BlackElo "1444"]
[PlyCount "83"]
[EventDate "2006.10.03"]
[EventType "swiss"]
[EventRounds "4"]
[EventCountry "CAN"]

1. c4 e6 2. g3 c6 3. Bg2 Bc5 4. e3 d5 5. cxd5 cxd5 6. d4 Qa5+ 7. Nc3 Bb4 8. Bd2
Bxc3 9. Bxc3 Qa6 10. Ne2 Bd7 11. O-O Bb5 12. Re1 Nc6 13. a4 Bxe2 14. Qxe2 Qxe2
15. Rxe2 Nf6 16. b4 O-O 17. b5 Ne7 18. Bb4 Rfe8 19. Rc2 Rec8 20. Rxc8+ Nxc8 21.
a5 Ne4 22. Bxe4 dxe4 23. Rc1 f5 24. Kg2 b6 25. a6 Kf7 26. Rc7+ Kf6 27. Bf8 h5
28. Bxg7+ Kg6 29. Be5 h4 30. gxh4 f4 31. exf4 Kf5 32. Kg3 Nd6 33. Bxd6 Rg8+ 34.
Kh3 e3 35. fxe3 Ra8 36. Kg3 Ke4 37. Kf2 Kd5 38. Be7 Ke4 39. Bg5 Kd5 40. Kf3 e5
41. dxe5 Ke6 42. Ke4 1-0

[Event "October TNT"]
[Site "Winnipeg CAN"]
[Date "2006.10.03"]
[Round "1"]
[White "Prince, Colin"]
[Black "Adol, Deng"]
[Result "0-1"]
[WhiteElo "1822"]
[BlackElo "1722"]
[PlyCount "174"]
[EventDate "2006.10.03"]
[EventType "swiss"]
[EventRounds "4"]
[EventCountry "CAN"]

1. e4 e5 2. Nf3 d6 3. d4 exd4 4. Qxd4 Nc6 5. Bb5 Bd7 6. Bxc6 Bxc6 7. Nc3 Nf6 8.
Bg5 Be7 9. O-O-O O-O 10. h4 h6 11. Bf4 Re8 12. Rh3 Ng4 13. h5 Bf6 14. Qd2 Bxc3
15. Qxc3 Rxe4 16. Bd2 Nxf2 17. Rg3 Rg4 18. Rxg4 Nxg4 19. Nd4 Qf6 20. Qc4 Bxg2
21. Rg1 Qf2 22. Rd1 c5 23. Nb5 Ne5 24. Qc3 Rd8 25. Be3 Qe2 26. Nxd6 Bf3 27. Re1
Qh2 28. Bxc5 b6 29. Bd4 f6 30. Qb3+ Kh7 31. Bxe5 fxe5 32. Qxf3 Rxd6 33. Qf5+
Kg8 34. Qc8+ Kf7 35. Rf1+ Rf6 36. Qd7+ Kg8 37. Qe8+ Kh7 38. Rxf6 Qg1+ 39. Kd2
Qg5+ 40. Rf4 Qxf4+ 41. Kc3 Qe3+ 42. Kb4 Qc5+ 43. Kb3 Qd5+ 44. c4 Qf3+ 45. Kb4
Qf5 46. b3 e4 47. a4 a6 48. Kc3 Qf6+ 49. Kc2 Qf2+ 50. Kc3 Qe3+ 51. Kb2 Qd2+ 52.
Ka3 Qg2 53. Qe6 Qf3 54. Qg6+ Kg8 55. Qe6+ Kf8 56. Qc8+ Kf7 57. Qd7+ Kf6 58.
Qc6+ Ke5 59. Qc7+ Kf5 60. Qf7+ Kg5 61. Qg6+ Kh4 62. Qxg7 Kxh5 63. Qe5+ Kh4 64.
Qh2+ Kg5 65. Qe5+ Qf5 66. Qg3+ Kh5 67. Qh2+ Kg6 68. Qg3+ Qg5 69. Qd6+ Qf6 70.
Qd7 a5 71. Qe8+ Kg5 72. Qg8+ Kh4 73. Qg1 e3 74. Qh2+ Kg5 75. Qg3+ Kh5 76. Qh3+
Kg6 77. Qg2+ Kh7 78. Qe4+ Kg7 79. Qg2+ Kf8 80. Qa8+ Kf7 81. Qd5+ Qe6 82. Qf3+
Kg6 83. Qg2+ Kh7 84. Qb7+ Kg8 85. Qa8+ Kf7 86. Qf3+ Qf6 87. Qb7+ Qe7+ 0-1

[Event "October TNT"]
[Site "Winnipeg CAN"]
[Date "2006.10.03"]
[Round "1"]
[White "Rutter, Blair"]
[Black "Mundwiler, Les"]
[Result "1-0"]
[WhiteElo "1808"]
[BlackElo "2028"]
[PlyCount "120"]
[EventDate "2006.10.03"]
[EventType "swiss"]
[EventRounds "4"]
[EventCountry "CAN"]

1. c4 Nf6 2. g3 d6 3. Bg2 Nbd7 4. Nc3 e5 5. e4 c6 6. d3 Be7 7. Nge2 h6 8. h3 g5
9. Be3 c5 10. Qd2 Nf8 11. f4 g4 12. h4 Nh5 13. fxe5 dxe5 14. Nd5 Ne6 15. Nxe7
Qxe7 16. O-O Nd4 17. Kh2 Be6 18. Rab1 a5 19. Nc3 a4 20. Bxd4 exd4 21. Nd5 Qd6
22. Nf6+ Nxf6 23. Rxf6 Ke7 24. Rbf1 Qe5 25. Rxh6 Qg7 26. Rxh8 Rxh8 27. Qf4 Kd7
28. Qf6 Qxf6 29. Rxf6 Kd6 30. Rf2 Ke5 31. b3 axb3 32. axb3 Ra8 33. Rb2 Ra1 34.
b4 b6 35. bxc5 bxc5 36. Rb5 Kd6 37. e5+ Kxe5 38. Rxc5+ Kf6 39. Rb5 Rd1 40. Be4
Re1 41. c5 Rc1 42. c6 Rc2+ 43. Kg1 Rc1+ 44. Kh2 Rc2+ 45. Kg1 Rc1+ 46. Kf2 Rc2+
47. Ke1 Rc1+ 48. Ke2 Rg1 49. Kf2 Rc1 50. Rb2 Rc5 51. Ke2 Ke5 52. Kd2 f5 53. Bg2
f4 54. gxf4+ Kxf4 55. Rc2 Rxc2+ 56. Kxc2 g3 57. Kd2 Kg4 58. Ke2 Kxh4 59. c7 Bc8
60. Kf3 Kg5 1-0

[Event "October TNT"]
[Site "Winnipeg CAN"]
[Date "2006.10.03"]
[Round "1"]
[White "Wierda, John"]
[Black "Van Wyk, Joseph"]
[Result "0-1"]
[WhiteElo "1753"]
[BlackElo "1833"]
[PlyCount "53"]
[EventDate "2006.10.03"]
[EventType "swiss"]
[EventRounds "4"]
[EventCountry "CAN"]

1. Nf3 c5 2. g3 d5 3. Bg2 Nc6 4. c4 d4 5. d3 e5 6. O-O f5 7. a3 Nf6 8. Nfd2 Bd7
9. e4 f4 10. Nf3 fxg3 11. fxg3 Be7 12. Bd2 O-O 13. Qe1 Qb6 14. b4 cxb4 15. axb4
Bxb4 16. Bxb4 Nxb4 17. Nxe5 Nc2 18. Nxd7 Nxd7 19. Qa5 Nxa1 20. Qxa1 Ne5 21. Na3
Rxf1+ 22. Bxf1 Rf8 23. Be2 Qh6 24. Nc2 Qd2 25. Nxd4 Qe3+ 26. Kh1 Nxd3 27. Nf5
0-1